000 00862nam a22002417a 4500
999 _c22247
_d22247
003 AR-CdUCM
008 190425b ||||| |||| 00| 0 spa d
040 _aMUNICIPALIDAD PROVINCIAL DEL CUSCO
_cBIBLIOTECA MUNICIPAL DEL CUSCO
082 _aCentro/N°1/1977
245 _aCentro comunidades :
_bla primera revista de comunidades a nivel nacional /
260 _aLima.
_bTenorio,
_c1977.
300 _a50 páginas. :
_bilustraciones ;
_c29 cm.
440 _aCentro comunidades.
_nN°1,1977
_947748
505 _aContenido: Cusco festival Inti Raymi 1977. -- Qorikancha. -- Conjunto monumental Cusco.
650 _aInti Raymi
_99522
650 _aFolklore cusqueño
_98693
650 _aTurismo
_947749
650 _aSiglo XX
_947750
700 _aCuba Macedo, Francisco
_923341
700 _aPérez Ocampo, Gustavo
_947751
942 _2ddc
_cPP
945 _arac